|
|
|
|
| LEADER |
01422nam a2200373 a 4500 |
| 001 |
EBC981579 |
| 003 |
MiAaPQ |
| 005 |
20200520144314.0 |
| 006 |
m o d | |
| 007 |
cr cn||||||||| |
| 008 |
120810s2012 cau sb 000 0 eng d |
| 020 |
|
|
|a 9780833076465 (electronic bk.)
|
| 035 |
|
|
|a (MiAaPQ)EBC981579
|
| 035 |
|
|
|a (Au-PeEL)EBL981579
|
| 035 |
|
|
|a (CaPaEBR)ebr10583965
|
| 035 |
|
|
|a (OCoLC)893183697
|
| 040 |
|
|
|a MiAaPQ
|c MiAaPQ
|d MiAaPQ
|
| 050 |
|
4 |
|a HD9665.5
|b .M38 2012
|
| 100 |
1 |
|
|a Mattke, Soeren.
|
| 245 |
1 |
0 |
|a Medicines as a service
|h [electronic resource] :
|b a new commercial model for big pharma in the postblockbuster world /
|c Soeren Mattke, Lisa Klautzer, and Tewodaj Mengistu.
|
| 260 |
|
|
|a Santa Monica, Calif. :
|b RAND,
|c c2012.
|
| 300 |
|
|
|a 11 p.
|
| 490 |
1 |
|
|a RAND Health occasional paper
|
| 504 |
|
|
|a Includes bibliographical references.
|
| 533 |
|
|
|a Electronic reproduction. Ann Arbor, MI : ProQuest, 2015. Available via World Wide Web. Access may be limited to ProQuest affiliated libraries.
|
| 650 |
|
0 |
|a Pharmaceutical services.
|
| 650 |
|
0 |
|a Pharmaceutical industry.
|
| 655 |
|
4 |
|a Electronic books.
|
| 700 |
1 |
|
|a Klautzer, Lisa.
|
| 700 |
1 |
|
|a Mengistu, Tewodaj.
|
| 710 |
2 |
|
|a RAND Health.
|
| 710 |
2 |
|
|a ProQuest (Firm)
|
| 830 |
|
0 |
|a Occasional paper (Rand Corporation)
|
| 856 |
4 |
0 |
|u https://ebookcentral.proquest.com/lib/matrademy/detail.action?docID=981579
|z Click to View
|